000 00365 a2200157 4500
001 75099
020 _a9788574165202
040 _cAnchieta - Colégio São Paulo
100 _aMunduruku, Daniel
240 1 0 _aCoisas de índio
_lpor
245 1 0 _aCoisas de índio
300 _a94
362 0 _a2010
650 4 _aHistória geral da América do Sul
942 _cBK
999 _c75099
_d75099